[Event "Titled Tuesday intern op 25th May"]
[Site "Chess.com INT"]
[Date "2021.05.25"]
[Round "4"]
[White "Baches Garcia, Guillermo"]
[Black "Mazanchenko, Dmitry"]
[Result "0-1"]
[WhiteElo "2329"]
[BlackElo "2161"]
[PlyCount "126"]
[EventDate "2021.05.25"]
[EventType "swiss (blitz)"]
[EventRounds "11"]
[EventCountry "USA"]
[SourceTitle "CBM 203 Extra"]
[Source "ChessBase"]
[SourceDate "2021.09.30"]
[SourceVersion "1"]
[SourceVersionDate "2021.09.30"]
[SourceQuality "1"]

1. e4 c5 2. Nf3 d6 3. d4 Nf6 4. Nc3 cxd4 5. Nxd4 Nc6 6. Nd5 e6 7. Nxf6+ Qxf6 8. Nb5 Qd8 9. c4 a6 10. Nc3 Be7 11. Be2 0-0 12. 0-0 b6 13. Be3 Bb7 14. Qb3 Rb8 15. Bxb6 Qd7 16. Be3 Ne5 17. Qc2 Ba8 18. f4 Nc6 19. Rfd1 Qc7 20. Rac1 Rfc8 21. b3 Bf6 22. Bf3 Nb4 23. Qd2 Bxc3 24. Rxc3 d5 25. exd5 exd5 26. c5 Rd8 27. Bd4 Qa5 28. Re3 Qxa2 29. Qc3 Nc2 30. Re2 Rxb3 31. Qxc2 Qxc2 32. Rxc2 Bc6 33. Rcc1 a5 34. Ra1 a4 35. Rdb1 Rdb8 36. Rxb3 axb3 37. Rb1 f6 38. Rb2 Kf7 39. Bd1 Ba4 40. f5 Ke7 41. Kf2 Kd7 42. Ke3 Kc6 43. Kd3 Rb4 44. Bc3 Rb8 45. g4 Kxc5 46. Bd4+ Kc6 47. Rb1 Rb4 48. Ra1 Bb5+ 49. Kc3 Rc4+ 50. Kxb3 Rxd4 51. Bc2 Bc4+ 52. Kc3 Rxg4 53. Ra7 Rh4 54. Rxg7 Rxh2 55. Rf7 Rh3+ 56. Kb2 Kc5 57. Rxf6 d4 58. Be4 Rh2+ 59. Kc1 d3 60. Rf8 d2+ 61. Kc2 Bb3+ 62. Kxb3 d1Q+ 63. Bc2 Qxc2+ 0-1

[Event "Titled Tuesday intern op 25th May"]
[Site "Chess.com INT"]
[Date "2021.05.25"]
[Round "2"]
[White "Kusa, Jakub"]
[Black "Mazanchenko, Dmitry"]
[Result "0-1"]
[WhiteElo "2336"]
[BlackElo "2161"]
[PlyCount "104"]
[EventDate "2021.05.25"]
[EventType "swiss (blitz)"]
[EventRounds "11"]
[EventCountry "USA"]
[SourceTitle "CBM 203 Extra"]
[Source "ChessBase"]
[SourceDate "2021.09.30"]
[SourceVersion "1"]
[SourceVersionDate "2021.09.30"]
[SourceQuality "1"]

1. e4 c5 2. Nf3 d6 3. Bb5+ Nd7 4. a4 a6 5. Be2 e6 6. 0-0 Ngf6 7. Nc3 Be7 8. d4 cxd4 9. Qxd4 0-0 10. a5 Nc5 11. Bg5 Bd7 12. Rfd1 Bc6 13. e5 dxe5 14. Qxe5 Qb8 15. Qxb8 Raxb8 16. Ne5 h6 17. Bh4 g5 18. Bg3 Rbd8 19. Nxc6 bxc6 20. Bc7 Rxd1+ 21. Rxd1 Rc8 22. Bb6 Ra8 23. b3 Nd5 24. Nxd5 cxd5 25. Bf3 Rc8 26. Be2 Ra8 27. Rb1 Ne4 28. Bd4 Bc5 29. Bxc5 Nxc5 30. b4 Ne4 31. Bd3 Nc3 32. Rb3 Nb5 33. Bxb5 axb5 34. Rc3 Kg7 35. Kf1 Kf6 36. Ke2 Ke5 37. Kd3 Kd6 38. Rc5 Rb8 39. Kd4 e5+ 40. Kd3 f5 41. Rc3 Rb7 42. f3 Rc7 43. Ra3 d4 44. a6 Ra7 45. Ra1 Kd5 46. g3 e4+ 47. fxe4+ fxe4+ 48. Kd2 Kc6 49. Re1 e3+ 50. Kd3 Kd5 51. Ra1 Kc6 52. Kxd4 e2 0-1

[Event "Titled Tuesday intern op 25th May"]
[Site "Chess.com INT"]
[Date "2021.05.25"]
[Round "3"]
[White "Mazanchenko, Dmitry"]
[Black "Barbero Sendic, Alejandro"]
[Result "0-1"]
[WhiteElo "2161"]
[BlackElo "2322"]
[PlyCount "128"]
[EventDate "2021.05.25"]
[EventType "swiss (blitz)"]
[EventRounds "11"]
[EventCountry "USA"]
[SourceTitle "CBM 203 Extra"]
[Source "ChessBase"]
[SourceDate "2021.09.30"]
[SourceVersion "1"]
[SourceVersionDate "2021.09.30"]
[SourceQuality "1"]

1. e4 e6 2. d4 d5 3. Nd2 Nc6 4. Ngf3 Nf6 5. e5 Nd7 6. c3 f6 7. exf6 Qxf6 8. Bd3 Bd6 9. Nf1 e5 10. dxe5 Ndxe5 11. Nxe5 Nxe5 12. Be2 0-0 13. Be3 Nc4 14. Bd4 Be5 15. Bxc4 dxc4 16. Bxe5 Qxe5+ 17. Qe2 Qxe2+ 18. Kxe2 Bf5 19. f3 Rad8 20. Ne3 Rfe8 21. Rad1 Bd3+ 22. Kf2 Rd6 23. Rhe1 b5 24. Ng4 Red8 25. a3 h6 26. Ne5 Bc2 27. Rxd6 Rxd6 28. Re2 Bd1 29. Re1 Bc2 30. Ng4 Bf5 31. Ne3 Bg6 32. Rd1 Bd3 33. Ng4 c5 34. Ne3 Re6 35. f4 a5 36. g3 b4 37. Re1 bxc3 38. bxc3 Rb6 39. Nd5 Rb2+ 40. Kf3 Rxh2 41. Re8+ Kh7 42. Re7 Ra2 43. Nf6+ Kg6 44. Ne8 h5 45. Rxg7+ Kh6 46. g4 hxg4+ 47. Kxg4 Be2+ 48. Kg3 Rxa3 49. Re7 Rxc3+ 50. Kf2 Bd3 51. f5 Rc2+ 52. Kf3 Bxf5 53. Kf4 Bg6 54. Nd6 Rf2+ 55. Ke5 Rd2 56. Kf6 Re2 57. Re3 Rxe3 58. Nf5+ Bxf5 59. Kxf5 c3 60. Kf4 c2 61. Kxe3 c1Q+ 62. Kd3 a4 63. Ke4 a3 64. Ke5 a2 0-1

[Event "Titled Tuesday intern op 25th May"]
[Site "Chess.com INT"]
[Date "2021.05.25"]
[Round "8"]
[White "Mazanchenko, Dmitry"]
[Black "Ezat, Mohamed Mahmoud"]
[Result "0-1"]
[WhiteElo "2161"]
[BlackElo "2417"]
[PlyCount "64"]
[EventDate "2021.05.25"]
[EventType "swiss (blitz)"]
[EventRounds "11"]
[EventCountry "USA"]
[SourceTitle "CBM 203 Extra"]
[Source "ChessBase"]
[SourceDate "2021.09.30"]
[SourceVersion "1"]
[SourceVersionDate "2021.09.30"]
[SourceQuality "1"]

1. e4 c6 2. Nc3 d5 3. Nf3 Bg4 4. h3 Bh5 5. g4 Bg6 6. exd5 cxd5 7. Bb5+ Nc6 8. Ne5 Rc8 9. h4 f6 10. Nxg6 hxg6 11. Bd3 Kf7 12. h5 gxh5 13. gxh5 e6 14. Bg6+ Ke7 15. d3 Ne5 16. Rg1 Nxg6 17. hxg6 Ke8 18. d4 Bb4 19. Bd2 Ne7 20. Qe2 Qd7 21. 0-0-0 Nf5 22. Rg4 Rc4 23. a3 Ba5 24. b4 Bb6 25. Be1 Rxd4 26. Rgxd4 Bxd4 27. Nb5 Bb6 28. c4 a6 29. cxd5 axb5 30. dxe6 Qc6+ 31. Kb1 Nd4 32. Qd3 Rh3 0-1

[Event "Titled Tuesday intern op 18th May"]
[Site "Chess.com INT"]
[Date "2021.05.18"]
[Round "1"]
[White "Mazanchenko, Dmitry"]
[Black "Kalashian, David"]
[Result "0-1"]
[WhiteElo "2161"]
[BlackElo "2398"]
[PlyCount "126"]
[EventDate "2021.05.18"]
[EventType "swiss (blitz)"]
[EventRounds "11"]
[EventCountry "USA"]
[SourceTitle "CBM 202 Extra"]
[Source "ChessBase"]
[SourceDate "2021.07.31"]
[SourceVersion "1"]
[SourceVersionDate "2021.07.31"]
[SourceQuality "1"]

1. e4 c6 2. Nc3 g6 3. Nf3 Bg7 4. d4 d6 5. Be3 Nf6 6. Qd2 Nbd7 7. Bh6 Bxh6 8. Qxh6 e5 9. 0-0-0 Qe7 10. Be2 b5 11. Ng5 Nb6 12. a3 Ng8 13. Qh4 h6 14. Nf3 Nf6 15. d5 g5 16. Nxg5 cxd5 17. Bxb5+ Kf8 18. Nf3 Nxe4 19. Qxe7+ Kxe7 20. Nxe4 dxe4 21. Nd2 Bb7 22. Rhe1 f5 23. f3 exf3 24. Nxf3 Rhg8 25. Nh4 Raf8 26. Bd3 e4 27. g3 Nd7 28. Bc4 Rg5 29. Bd5 Bxd5 30. Rxd5 Ne5 31. Red1 Rf6 32. b3 Nf7 33. c4 f4 34. gxf4 Rxf4 35. Rxg5 Nxg5 36. Ng6+ Kf6 37. Nxf4 Ke5 38. Nd5 Nf3 39. Kc2 Nxh2 40. Rh1 Ng4 41. Rh4 Kf5 42. Kd2 Kg5 43. Rh1 h5 44. Ne3 Ne5 45. Rg1+ Kf4 46. Rf1+ Kg3 47. Nf5+ Kg2 48. Nxd6 Kxf1 49. Nxe4 h4 50. Ng5 Kf2 51. Kc3 Nf3 52. Nh3+ Kg3 53. Nf4 Kxf4 54. c5 Ne5 55. Kb4 h3 56. Ka5 h2 57. Ka6 h1Q 58. b4 Qc6+ 59. Kxa7 Nd7 60. b5 Qxb5 61. c6 Qxc6 62. a4 Qb6+ 63. Ka8 Qb8# 0-1

[Event "Titled Tuesday intern op 27th Apr"]
[Site "Chess.com INT"]
[Date "2021.04.27"]
[Round "5"]
[White "Mazanchenko, Dmitry"]
[Black "Fries Nielsen, Jens Ove"]
[Result "0-1"]
[WhiteElo "2161"]
[BlackElo "2359"]
[PlyCount "50"]
[EventDate "2021.04.27"]
[EventType "swiss (blitz)"]
[EventRounds "11"]
[EventCountry "USA"]
[SourceTitle "CBM 202 Extra"]
[Source "ChessBase"]
[SourceDate "2021.07.31"]
[SourceVersion "1"]
[SourceVersionDate "2021.07.31"]
[SourceQuality "1"]

1. e4 c6 2. Nc3 d5 3. Nf3 dxe4 4. Nxe4 Nf6 5. Nxf6+ exf6 6. d4 Be6 7. g3 Na6 8. c3 Nc7 9. Bg2 Bc4 10. b3 Be6 11. 0-0 Be7 12. Re1 0-0 13. c4 Qd7 14. Bb2 Rad8 15. a3 a5 16. Qd2 a4 17. d5 cxd5 18. cxd5 Bxd5 19. bxa4 Ne6 20. Rad1 Qxa4 21. Qc3 Rc8 22. Qd3 Rfd8 23. Qf5 Qb3 24. Ba1 Bxa3 25. Qh3 Bc5 0-1

[Event "Titled Tuesday intern op 27th Apr"]
[Site "Chess.com INT"]
[Date "2021.04.27"]
[Round "3"]
[White "Mazanchenko, Dmitry"]
[Black "Spyropoulos, Nikolaos"]
[Result "0-1"]
[WhiteElo "2161"]
[BlackElo "2425"]
[PlyCount "96"]
[EventDate "2021.04.27"]
[EventType "swiss (blitz)"]
[EventRounds "11"]
[EventCountry "USA"]
[SourceTitle "CBM 202 Extra"]
[Source "ChessBase"]
[SourceDate "2021.07.31"]
[SourceVersion "1"]
[SourceVersionDate "2021.07.31"]
[SourceQuality "1"]

1. e4 e5 2. Nf3 Nc6 3. d4 exd4 4. Bc4 Nf6 5. e5 d5 6. Bb5 Nd7 7. Bxc6 bxc6 8. e6 fxe6 9. Nxd4 Nb8 10. 0-0 c5 11. Qh5+ Kd7 12. Nf3 Nc6 13. Nc3 Qe8 14. Ne5+ Nxe5 15. Qxe5 Bb7 16. Bf4 Bd6 17. Qxg7+ Qe7 18. Qh6 Rag8 19. Bxd6 cxd6 20. f3 Rg6 21. Qd2 Rhg8 22. Rf2 Kc8 23. Re1 d4 24. Ne4 Kb8 25. c3 e5 26. cxd4 cxd4 27. Qb4 h5 28. a4 h4 29. a5 Ka8 30. Qb5 Qg7 31. Ree2 h3 32. g4 Rxg4+ 33. fxg4 Qxg4+ 34. Ng3 Qe6 35. a6 Be4 36. Rxe4 Qc8 37. Qb7+ Qxb7 38. axb7+ Kxb7 39. Kf1 Kc6 40. Rh4 Kd5 41. Rxh3 Rc8 42. Ke2 Rc2+ 43. Kf1 Rc1+ 44. Kg2 d3 45. Nf5 e4 46. Ne7+ Kd4 47. Rf4 d2 48. Rxe4+ Kxe4 0-1

[Event "Titled Tuesday intern op 13th Apr"]
[Site "Chess.com INT"]
[Date "2021.04.13"]
[Round "1"]
[White "Nozdrachev, Leonid"]
[Black "Mazanchenko, Dmitry"]
[Result "1-0"]
[WhiteElo "2372"]
[BlackElo "2161"]
[PlyCount "75"]
[EventDate "2021.04.13"]
[EventType "swiss (blitz)"]
[EventRounds "11"]
[EventCountry "USA"]
[SourceTitle "CBM 201 Extra"]
[Source "ChessBase"]
[SourceDate "2021.05.31"]
[SourceVersion "1"]
[SourceVersionDate "2021.05.31"]
[SourceQuality "1"]

1. e4 c5 2. c3 d5 3. exd5 Qxd5 4. d4 Nc6 5. Nf3 e5 6. Nxe5 Nxe5 7. dxe5 Qxd1+ 8. Kxd1 Bg4+ 9. Be2 0-0-0+ 10. Nd2 Bxe2+ 11. Kxe2 Re8 12. f4 f6 13. Nc4 b5 14. Na3 a6 15. Be3 fxe5 16. f5 c4 17. Nc2 Nf6 18. a4 b4 19. Nxb4 Bxb4 20. cxb4 Kb7 21. Rhc1 Rc8 22. b5 axb5 23. axb5 Ra8 24. h3 Nd5 25. g4 Rxa1 26. Rxa1 Nxe3 27. Kxe3 Kb6 28. Ke4 Kxb5 29. Ra7 g6 30. f6 h5 31. g5 Rb8 32. f7 Kb4 33. Rb7+ Rxb7 34. f8Q+ Kb3 35. Qa3+ Kc2 36. Qc3+ Kb1 37. Qxc4 Rxb2 38. Kxe5 1-0

[Event "Titled Tuesday intern op 30th Mar"]
[Site "Chess.com INT"]
[Date "2021.03.30"]
[Round "6"]
[White "Abrashkin, Boris Vladimirovich"]
[Black "Mazanchenko, Dmitry"]
[Result "1-0"]
[WhiteElo "2407"]
[BlackElo "2161"]
[PlyCount "65"]
[EventDate "2021.03.30"]
[EventType "swiss (blitz)"]
[EventRounds "11"]
[EventCountry "USA"]
[SourceTitle "CBM 201 Extra"]
[Source "ChessBase"]
[SourceDate "2021.05.31"]
[SourceVersion "1"]
[SourceVersionDate "2021.05.31"]
[SourceQuality "1"]

1. d4 g6 2. c4 Bg7 3. Nc3 d6 4. Nf3 Bg4 5. Bg5 Nc6 6. e3 h6 7. Bh4 g5 8. Bg3 e5 9. Be2 exd4 10. Nxd4 Bxe2 11. Ncxe2 Nge7 12. h4 0-0 13. hxg5 hxg5 14. Qc2 f5 15. Ne6 Qd7 16. Nxf8 Rxf8 17. Rd1 Qe6 18. Kf1 Ng6 19. b3 Rf7 20. Qd2 Nce7 21. f3 f4 22. exf4 Nf5 23. Bf2 gxf4 24. Nxf4 Nxf4 25. Qxf4 Nd4 26. Qd2 c5 27. Re1 Qd7 28. Qg5 Kf8 29. Bxd4 cxd4 30. Rh5 a6 31. Qd5 b5 32. Re4 bxc4 33. Qa8+ 1-0

[Event "Titled Tuesday intern op 30th Mar"]
[Site "Chess.com INT"]
[Date "2021.03.30"]
[Round "2"]
[White "Mazanchenko, Dmitry"]
[Black "Kozin, Yuri"]
[Result "0-1"]
[WhiteElo "2161"]
[BlackElo "2251"]
[PlyCount "106"]
[EventDate "2021.03.30"]
[EventType "swiss (blitz)"]
[EventRounds "11"]
[EventCountry "USA"]
[SourceTitle "CBM 201 Extra"]
[Source "ChessBase"]
[SourceDate "2021.05.31"]
[SourceVersion "1"]
[SourceVersionDate "2021.05.31"]
[SourceQuality "1"]

1. e4 c5 2. Ne2 e6 3. Nbc3 a6 4. a4 Nc6 5. g3 Nf6 6. Bg2 Be7 7. 0-0 0-0 8. d3 Rb8 9. f4 d6 10. h3 Bd7 11. b3 b5 12. axb5 axb5 13. Bb2 Nd4 14. Nxd4 cxd4 15. Ne2 e5 16. f5 h6 17. g4 Nh7 18. c3 dxc3 19. Bxc3 Rc8 20. d4 Bf6 21. dxe5 Bxe5 22. Bxe5 dxe5 23. Qd6 Rc2 24. Ng3 Qh4 25. Qd3 Rfc8 26. Rf3 Ng5 27. Raf1 Nxf3+ 28. Rxf3 Qe7 29. f6 Qc5+ 30. Kh2 Be6 31. fxg7 Rc1 32. Rf1 Rc3 33. Qd2 Qe3 34. Qxe3 Rxe3 35. b4 Rc2 36. Kh1 Rxg3 37. Rg1 Bc4 38. Kh2 Re3 39. h4 Rxe4 40. Kg3 Re3+ 41. Kh2 Bd5 42. h5 Rxg2+ 43. Rxg2 Bxg2 44. g5 Rb3 45. gxh6 Be4 46. Kg1 Rb2 47. Kf1 Bh7 48. Ke1 e4 49. Kd1 e3 50. Ke1 f5 51. Kf1 f4 52. Ke1 f3 53. Kd1 Rb1# 0-1

[Event "Titled Tuesday intern op 30th Mar"]
[Site "Chess.com INT"]
[Date "2021.03.30"]
[Round "7"]
[White "Mazanchenko, Dmitry"]
[Black "Marn, Jan"]
[Result "0-1"]
[WhiteElo "2161"]
[BlackElo "2346"]
[PlyCount "66"]
[EventDate "2021.03.30"]
[EventType "swiss (blitz)"]
[EventRounds "11"]
[EventCountry "USA"]
[SourceTitle "CBM 201 Extra"]
[Source "ChessBase"]
[SourceDate "2021.05.31"]
[SourceVersion "1"]
[SourceVersionDate "2021.05.31"]
[SourceQuality "1"]

1. e4 e6 2. d4 d5 3. Nc3 Bb4 4. Nge2 Nf6 5. Bg5 dxe4 6. a3 Be7 7. Bxf6 Bxf6 8. Nxe4 b6 9. Nxf6+ gxf6 10. Nc3 Bb7 11. Qd2 Nd7 12. 0-0-0 Qe7 13. d5 e5 14. Nb5 Nc5 15. d6 cxd6 16. Nxd6+ Kf8 17. Qh6+ Kg8 18. Nf5 Qf8 19. Qxf6 h5 20. Bc4 Ne4 21. Ne7+ Kh7 22. Qf5+ Kg7 23. Qxe5+ f6 24. Nf5+ Kg6 25. Qf4 Rd8 26. f3 Ng5 27. h4 Nf7 28. Bd3 Rxd3 29. Rxd3 Ne5 30. Rd6 Bc8 31. Qg3+ Kf7 32. Rhd1 Bxf5 33. Qf4 Qc8 0-1

[Event "Titled Tuesday intern op 30th Mar"]
[Site "Chess.com INT"]
[Date "2021.03.30"]
[Round "8"]
[White "Navrotescu, Andreea Cristiana"]
[Black "Mazanchenko, Dmitry"]
[Result "1-0"]
[WhiteElo "2247"]
[BlackElo "2161"]
[PlyCount "145"]
[EventDate "2021.03.30"]
[EventType "swiss (blitz)"]
[EventRounds "11"]
[EventCountry "USA"]
[SourceTitle "CBM 201 Extra"]
[Source "ChessBase"]
[SourceDate "2021.05.31"]
[SourceVersion "1"]
[SourceVersionDate "2021.05.31"]
[SourceQuality "1"]

1. d4 g6 2. c4 Bg7 3. Nc3 d6 4. e4 Nc6 5. Nge2 e5 6. d5 Nd4 7. Nxd4 exd4 8. Ne2 c5 9. dxc6 bxc6 10. Nxd4 Qa5+ 11. Bd2 Qb6 12. Bc3 Ne7 13. Be2 0-0 14. 0-0 Rd8 15. Qd2 d5 16. exd5 cxd5 17. Ba5 Qxd4 18. Qxd4 Bxd4 19. Bxd8 Nc6 20. Bc7 Ba6 21. Rac1 Rc8 22. Bg3 Na5 23. b3 dxc4 24. Rfd1 Bb2 25. Rc2 Bf6 26. b4 Nb7 27. a4 Nd8 28. b5 Bb7 29. Rxc4 Ra8 30. Rd7 a6 31. h4 axb5 32. axb5 Ra1+ 33. Kh2 Rb1 34. Rcc7 Be4 35. Rxf7 Nxf7 36. h5 Bd5 37. hxg6 hxg6 38. Rd7 Be6 39. Ra7 Be5 40. Bd3 Bxg3+ 41. Kxg3 Ne5 42. Bxb1 Bc4 43. b6 Nc6 44. Ra8+ Kf7 45. b7 Bd5 46. Rc8 Ne7 47. Rc7 Bxb7 48. Rxb7 Kf6 49. Kf4 Nd5+ 50. Kf3 Nc3 51. Bd3 Nd5 52. Ke4 Nc3+ 53. Kd4 Nd1 54. Rb6+ Kg5 55. Rxg6+ Kh5 56. Rg3 Nxf2 57. Ke3 Nd1+ 58. Kd2 Nb2 59. Be2+ Kh4 60. Rh3+ Kg5 61. Kc3 Na4+ 62. Kd4 Nb6 63. Rg3+ Kf4 64. Rf3+ Kg5 65. Ke5 Nd7+ 66. Kd6 Nb6 67. Rg3+ Kf4 68. Rg4+ Kf5 69. Bf3 Nc8+ 70. Kc7 Ne7 71. Ra4 Ng6 72. g4+ Kg5 73. Kd6 1-0

[Event "Titled Tuesday intern op 30th Mar"]
[Site "Chess.com INT"]
[Date "2021.03.30"]
[Round "3"]
[White "Stojanovski, Sandi"]
[Black "Mazanchenko, Dmitry"]
[Result "0-1"]
[WhiteElo "2232"]
[BlackElo "2161"]
[PlyCount "112"]
[EventDate "2021.03.30"]
[EventType "swiss (blitz)"]
[EventRounds "11"]
[EventCountry "USA"]
[SourceTitle "CBM 201 Extra"]
[Source "ChessBase"]
[SourceDate "2021.05.31"]
[SourceVersion "1"]
[SourceVersionDate "2021.05.31"]
[SourceQuality "1"]

1. c4 g6 2. Nc3 Bg7 3. e4 d6 4. f4 c5 5. Nf3 Bg4 6. Be2 Nc6 7. d3 e6 8. 0-0 Nge7 9. Ng5 Bxe2 10. Qxe2 Nd4 11. Qf2 h6 12. Nf3 Nec6 13. Kh1 f5 14. Nxd4 Bxd4 15. Qg3 Qf6 16. Ne2 0-0-0 17. Nxd4 Nxd4 18. Be3 fxe4 19. dxe4 e5 20. Bxd4 exd4 21. e5 dxe5 22. fxe5 Qg5 23. Rf6 Qxg3 24. hxg3 g5 25. Kg1 Rdf8 26. Raf1 Rxf6 27. Rxf6 Re8 28. e6 Kc7 29. Rxh6 Re7 30. Kf2 Kd6 31. Rg6 Rxe6 32. Rxg5 a6 33. a4 b5 34. axb5 axb5 35. b3 bxc4 36. bxc4 Kc6 37. g4 Kb6 38. Rd5 Rc6 39. g5 Ka5 40. Ke2 Kb4 41. Kd3 Re6 42. g4 Re3+ 43. Kd2 Kxc4 44. Rd8 Rg3 45. g6 Rg2+ 46. Ke1 Rxg4 47. Rd6 Kc3 48. Ke2 c4 49. Kf3 Rg5 50. Kf4 Rg1 51. Ke5 d3 52. Kf6 d2 53. g7 Kc2 54. Kf7 Rxg7+ 55. Kxg7 d1Q 56. Rxd1 Kxd1 0-1

[Event "Titled Tuesday intern op 23rd Mar"]
[Site "Chess.com INT"]
[Date "2021.03.23"]
[Round "10"]
[White "Mazanchenko, Dmitry"]
[Black "Ognean, Mihnea Ionut"]
[Result "1-0"]
[WhiteElo "2161"]
[BlackElo "2298"]
[PlyCount "97"]
[EventDate "2021.03.23"]
[EventType "swiss (blitz)"]
[EventRounds "11"]
[EventCountry "USA"]
[SourceTitle "CBM 201 Extra"]
[Source "ChessBase"]
[SourceDate "2021.05.31"]
[SourceVersion "1"]
[SourceVersionDate "2021.05.31"]
[SourceQuality "1"]

1. e4 c6 2. Nc3 d5 3. Nf3 Nf6 4. e5 Ne4 5. d4 Bg4 6. Nxe4 dxe4 7. h3 Bxf3 8. gxf3 exf3 9. Be3 e6 10. Qxf3 Qd5 11. Bg2 Qxf3 12. Bxf3 Nd7 13. c4 Be7 14. 0-0-0 0-0-0 15. Be2 c5 16. f4 cxd4 17. Bxd4 Bc5 18. a3 Bxd4 19. Rxd4 Nc5 20. Rxd8+ Rxd8 21. Kc2 Rd4 22. b4 Ne4 23. Rd1 Rxd1 24. Bxd1 Nf2 25. Bg4 g6 26. Kd2 h5 27. Bf3 Nxh3 28. Ke3 g5 29. fxg5 Nxg5 30. Bxh5 Kd7 31. Kf4 Nh3+ 32. Kg3 Ng5 33. Kg4 Ne4 34. Bxf7 Nd2 35. Kg5 Nxc4 36. Kf6 Nxa3 37. Bxe6+ Kd8 38. Kf7 Nb5 39. Bd5 Nd4 40. Bxb7 Kc7 41. Ba6 Kb6 42. b5 Kc7 43. e6 Nf5 44. e7 Nd6+ 45. Kf8 Kd7 46. Bb7 Kc7 47. Bg2 Kb6 48. Bf1 a6 49. bxa6 1-0

[Event "Titled Tuesday intern op 23rd Mar"]
[Site "Chess.com INT"]
[Date "2021.03.23"]
[Round "4"]
[White "Petrova, Irina"]
[Black "Mazanchenko, Dmitry"]
[Result "1-0"]
[WhiteElo "2120"]
[BlackElo "2161"]
[PlyCount "98"]
[EventDate "2021.03.23"]
[EventType "swiss (blitz)"]
[EventRounds "11"]
[EventCountry "USA"]
[SourceTitle "CBM 201 Extra"]
[Source "ChessBase"]
[SourceDate "2021.05.31"]
[SourceVersion "1"]
[SourceVersionDate "2021.05.31"]
[SourceQuality "1"]

1. e4 c5 2. Nf3 d6 3. Bb5+ Bd7 4. Bxd7+ Qxd7 5. c4 e5 6. Nc3 Nf6 7. 0-0 h6 8. d3 Nc6 9. Nd5 Nxd5 10. cxd5 Nd4 11. Nxd4 cxd4 12. f4 0-0-0 13. fxe5 dxe5 14. Bd2 g6 15. Qb3 f5 16. Ba5 b6 17. Bb4 fxe4 18. dxe4 Bxb4 19. Qxb4 Qd6 20. Qa4 Qd7 21. Rac1+ Kb8 22. Rc6 g5 23. Rff6 Qb7 24. Rxh6 Rxh6 25. Rxh6 Rc8 26. Rc6 Rxc6 27. dxc6 Qc7 28. Qc4 a6 29. b4 b5 30. Qd5 Ka7 31. Qc5+ Qb6 32. Qe7+ Kb8 33. Qe8+ Ka7 34. Qe7+ Ka8 35. Qxe5 Qxc6 36. Qd5 Qxd5 37. exd5 Kb7 38. g3 Kc7 39. h4 gxh4 40. gxh4 Kd6 41. h5 Kxd5 42. h6 d3 43. Kf2 Kd4 44. Ke1 d2+ 45. Kxd2 Kc4 46. h7 Kxb4 47. h8Q Ka3 48. Qc3+ Ka4 49. Qb3+ Ka5 1-0

[Event "Titled Tuesday intern op 09th Mar"]
[Site "Chess.com INT"]
[Date "2021.03.09"]
[Round "1"]
[White "Bodnar, Nikolay"]
[Black "Mazanchenko, Dmitry"]
[Result "0-1"]
[WhiteElo "2434"]
[BlackElo "2161"]
[PlyCount "96"]
[EventDate "2021.03.09"]
[EventType "swiss (blitz)"]
[EventRounds "11"]
[EventCountry "USA"]
[SourceTitle "CBM 201 Extra"]
[Source "ChessBase"]
[SourceDate "2021.05.31"]
[SourceVersion "1"]
[SourceVersionDate "2021.05.31"]
[SourceQuality "1"]

1. d4 g6 2. c4 Bg7 3. Nc3 d6 4. e4 Nc6 5. Nf3 Bg4 6. d5 Nd4 7. Be3 e5 8. dxe6 Nxe6 9. h3 Bxf3 10. Qxf3 Ne7 11. Qd1 Bxc3+ 12. bxc3 0-0 13. Be2 f5 14. 0-0 fxe4 15. Qc2 Nf4 16. Bxf4 Rxf4 17. g3 Rf5 18. Qxe4 Re5 19. Qd3 Nf5 20. Bf3 c6 21. Rad1 Qf6 22. Be4 Rf8 23. Bxf5 Rxf5 24. Qxd6 Rxf2 25. Qxf6 R2xf6 26. Rxf6 Rxf6 27. Kg2 Rf7 28. Rd8+ Kg7 29. a4 Kf6 30. Ra8 a6 31. Kf3 Ke5+ 32. Ke3 Kd6 33. Kd4 Rf3 34. c5+ Kc7 35. Rh8 Rxg3 36. Rxh7+ Kb8 37. a5 g5 38. Rh8+ Ka7 39. Kc4 g4 40. hxg4 Rxg4+ 41. Kb3 Rg1 42. Rh2 Kb8 43. Rh8+ Kc7 44. Rh7+ Kc8 45. Rh8+ Kd7 46. Rh7+ Ke6 47. Rxb7 Rb1+ 48. Kc2 Rxb7 0-1

[Event "Titled Tuesday intern op 09th Mar"]
[Site "Chess.com INT"]
[Date "2021.03.09"]
[Round "6"]
[White "Mazanchenko, Dmitry"]
[Black "Fataliyeva, Ulviyya Hasil Qizi"]
[Result "1-0"]
[WhiteElo "2161"]
[BlackElo "2301"]
[PlyCount "107"]
[EventDate "2021.03.09"]
[EventType "swiss (blitz)"]
[EventRounds "11"]
[EventCountry "USA"]
[SourceTitle "CBM 201 Extra"]
[Source "ChessBase"]
[SourceDate "2021.05.31"]
[SourceVersion "1"]
[SourceVersionDate "2021.05.31"]
[SourceQuality "1"]

1. e4 e6 2. d4 d5 3. Nc3 Nf6 4. Bg5 Be7 5. e5 Nfd7 6. h4 h6 7. Bxe7 Qxe7 8. Qg4 0-0 9. 0-0-0 a6 10. f4 c5 11. dxc5 Nc6 12. Rh3 f6 13. exf6 Qxf6 14. Nge2 Nxc5 15. Qf3 b5 16. Qe3 Na4 17. Nxa4 bxa4 18. g4 e5 19. f5 d4 20. Qa3 e4 21. Nf4 Qe5 22. Bc4+ Kh7 23. Qxf8 Qxf4+ 24. Kb1 Bb7 25. Qf7 Rb8 26. Rf1 Qxg4 27. Rhh1 Ne5 28. Qc7 Nxc4 29. Qxb8 Nd2+ 30. Ka1 Nxf1 31. Rxf1 Qe2 32. Rh1 Qg2 33. Qh2 e3 34. Qxg2 Bxg2 35. Rg1 Be4 36. Kb1 Bxf5 37. Kc1 g5 38. hxg5 hxg5 39. Rxg5 e2 40. Rg1 Bh3 41. Re1 Bf1 42. Kd2 Kg6 43. Rxe2 Bxe2 44. Kxe2 Kf5 45. Kd3 Ke5 46. Kc4 Ke4 47. Kb4 d3 48. cxd3+ Kxd3 49. Kxa4 Kc2 50. b4 Kc3 51. Ka5 Kc4 52. a4 Kb3 53. b5 axb5 54. axb5 1-0

[Event "Titled Tuesday intern op 09th Mar"]
[Site "Chess.com INT"]
[Date "2021.03.09"]
[Round "5"]
[White "Remizov, Yaroslav"]
[Black "Mazanchenko, Dmitry"]
[Result "1-0"]
[WhiteElo "2411"]
[BlackElo "2161"]
[PlyCount "119"]
[EventDate "2021.03.09"]
[EventType "swiss (blitz)"]
[EventRounds "11"]
[EventCountry "USA"]
[SourceTitle "CBM 201 Extra"]
[Source "ChessBase"]
[SourceDate "2021.05.31"]
[SourceVersion "1"]
[SourceVersionDate "2021.05.31"]
[SourceQuality "1"]

1. e4 c5 2. Nf3 d6 3. d4 Nf6 4. dxc5 Nxe4 5. cxd6 Nc6 6. Be3 Qxd6 7. Qxd6 Nxd6 8. Nc3 Bg4 9. 0-0-0 Bxf3 10. gxf3 e6 11. Rg1 g6 12. Bf4 0-0-0 13. Bh3 a6 14. Ne4 Nxe4 15. fxe4 Bc5 16. Rdf1 Nd4 17. Bg4 f5 18. exf5 exf5 19. Bd1 Rhe8 20. Be3 Ne6 21. Bxc5 Nxc5 22. h4 Rg8 23. f4 Ne6 24. c3 Nc5 25. Bc2 Ne4 26. Bxe4 fxe4 27. Rg5 Rdf8 28. Re5 Re8 29. Re1 Rxe5 30. fxe5 Kd7 31. Rxe4 Ke6 32. Kd2 Rf8 33. Ke2 Rf5 34. Rb4 b5 35. a4 Rxe5+ 36. Kf3 Kf5 37. Rf4+ Ke6 38. Kg4 h5+ 39. Kf3 Kd5 40. Rf6 Rf5+ 41. Rxf5+ gxf5 42. b3 bxa4 43. bxa4 Kc4 44. Kf4 Kxc3 45. Kg5 Kb4 46. Kxh5 Kxa4 47. Kg5 Kb3 48. h5 a5 49. h6 a4 50. h7 a3 51. h8Q Ka2 52. Kxf5 Kb1 53. Qh1+ Kb2 54. Qg2+ Kb1 55. Qf1+ Kb2 56. Qb5+ Ka1 57. Qf1+ Kb2 58. Qe2+ Ka1 59. Qc2 a2 60. Qc1# 1-0